Statistics for Metacritic: Best Movies per year

Click here to take the quiz!

General Stats

  • This quiz has been taken 27 times
  • The average score is 3 of 14

Answer Stats

YearScoreAnswer% Correct
200192The Lord of the Rings: The Fellowship of the Ring
70%
200394The Lord of the Rings: The Return of the King
48%
201095The Social Network
43%
200994The Hurt Locker
39%
201195A Separation
22%
201295Zero Dark Thirty
22%
200093Crouching Tiger, Hidden Dragon
17%
200698Pan's Labyrinth
17%
200796Ratatouille
9%
200494Sideways
9%
200294Spirited Away
9%
2008974 Months, 3 Weeks and 2 Days
4%
200589The Best of Youth
4%
2013100Best Kept Secret
0%

Score Distribution

Percentile by Number Answered

Percent of People with Each Score

Your Score History

You have not taken this quiz